| 000 | 01243nam a22003377a 4500 | ||
|---|---|---|---|
| 003 | CHAP | ||
| 005 | 20220329135753.0 | ||
| 008 | 971013s1977 r 00010 d | ||
| 010 | _a41823 | ||
| 011 | _a42795 | ||
| 035 | _a46924 | ||
| 040 | _cCHAP | ||
| 090 | _aTesis | ||
| 100 | 0 | 0 |
_aMurra Talamás, Juan Antonio. _979813 |
| 245 | _aEstudio sobre el mercado de carne, características del consumidor y posibilidad de introducir un sistema de gradeo en el área metropolitana de Monterrey | ||
| 260 |
_a(Monterrey, N.L.) : _bEl autor, _c1977 |
||
| 300 |
_a134 h. _b; gráfs |
||
| 502 | _aTesis (Ing. Agrónomo Administrador) -- ITESM. Div de Ciencias Agropecuarias y Marítimas | ||
| 590 |
_aALEPH _b10 _c20130110 _lUCH01 _h1311 |
||
| 590 |
_aBATCH-UPD _b10 _c20130110 _lUCH01 _h0006 |
||
| 590 |
_aBATCH-UPD _b10 _c20130110 _lUCH01 _h2155 |
||
| 590 |
_aBATCH-UPD _b10 _c20130409 _lUCH01 _h1941 |
||
| 590 |
_aBATCH-UPD _b10 _c20130410 _lUCH01 _h1503 |
||
| 590 |
_aBATCH-UPD _b10 _c20130914 _lUCH01 _h0847 |
||
| 590 |
_aCONVERSION _b10 _c20130109 _lUCH01 _h1323 |
||
| 650 | 1 | 4 |
_aCarne _xConsumo _xNuevo León. _919070 |
| 650 | 1 | 4 |
_aCarne _xMercadeo _xMonterrey, NL. _919097 |
| 901 | _aBK | ||
| 942 | _cTESIS | ||
| 949 |
_bBC _cTES _d-106856 _eTS1 _i46924 _si |
||
| 999 |
_c41823 _d41823 |
||